Statistics for Countries FDR visited

Click here to take the quiz!

General Stats

  • This quiz has been taken 67 times
  • The average score is 13 of 24

Answer Stats

ContinentCountry% Correct
North AmericaCanada
85%
North AmericaMexico
85%
South AmericaBrazil
81%
South AmericaArgentina
79%
AfricaEgypt
79%
AfricaAlgeria
77%
South AmericaColombia
74%
EuropeFrance
72%
EuropeItaly
70%
Asia/ EuropeSoviet Union
68%
North AmericaPanama
66%
AfricaMorocco
62%
North AmericaHaiti
60%
North Americathe Bahamas
60%
North AmericaJamaica
53%
AfricaTunisia
51%
South AmericaUruguay
51%
AsiaIran
49%
North AmericaSaint Lucia
32%
AfricaLiberia
30%
AfricaGambia
21%
AfricaSenegal
19%
EuropeMalta
13%
North AmericaTrinidad and Tobago
9%

Score Distribution

Percentile by Number Answered

Percent of People with Each Score

Your Score History

You have not taken this quiz